ბათუმის შოთა რუსთაველის სახელმწიფო უნივერსიტეტის ბიბლიოთეკა

Ⴇვენი. [ტ. 7], 1 მარტი - 10 მარტი (ახალი სტილით 14 მარტი - 23 მარტი) / (ბიბ.ჩანაწერი № 52564)

000 -ლიდერი
ფიქსირებული სიგრძის საკონტროლო ველი 01528nam a2200289Ia 4500
001 - საკონტროლო ნომერი
საკონტროლო ველი 19588
003 - საკონტროლო ნომრის იდენტიფიკატორი
საკონტროლო ველი GE_BSU
005 - ბოლო ოპერაციის თარიღი და დრო
საკონტროლო ველი 20250314121022.0
008 - ფიქსირებული სიგრძის მონაცემთა ელემენტები - ზოგადი ინფორმაცია
ფიქსირებული სიგრძის საკონტროლო ველი 181216s2016||||ge |||||||||||||| ||geo||
010 ## - კონგრესის ბიბლიოთეკის საკონტროლო ნომერი
LC საკონტროლო ნომერი 9789941244766
040 ## - კატალოგიზაციის წყარო
Transcribing agency GE_BSU
041 ## - ენის კოდი
Language code of text/sound track or separate title geo
080 ## - უნივერსალური ათობითი კლასიფიკაციის ინდექსი
Universal Decimal Classification number 27-36 თ-56
245 ## - ცნობა სათაურის შესახებ
Title Ⴇვენი. [ტ. 7], 1 მარტი - 10 მარტი (ახალი სტილით 14 მარტი - 23 მარტი) /
Statement of responsibility, etc პროექტის ავტორი და რედაქტორი თამარ მამაცაშვილი ; შემდგენელი მანანა ტუაევა ; დიზაინერი რატი თორდია.
264 ## - წარმოების, გამოცემის, დისტრიბუციის და სხვა ცნობები
გამოცემის, წარმოების, დისტრიბუციის... ადგილი თბილისი :
გამოცემის, წარმოების, დისტრიბუციის... სახელწოდება პალიტრა L,
გამოცემის, წარმოების, დისტრიბუციის... თარიღი 2016.
300 ## - ფიზიკური აღწერა
Extent 248 გვ. ;
Dimensions 21 სმ/
490 ## - სერიის ცნობა
Series statement ჟურნალ "კარიბჭის" ბიბლიოთეკა
653 ## - INDEX TERM--UNCONTROLLED
Uncontrolled term თვენი. 1 მარტი-10 მარტი 7
653 ## - INDEX TERM--UNCONTROLLED
Uncontrolled term მართლმადიდებლური ეკლესია
653 ## - INDEX TERM--UNCONTROLLED
Uncontrolled term წმინდანთა ცხოვრება
653 ## - INDEX TERM--UNCONTROLLED
Uncontrolled term რელიგია
700 ## - ADDED ENTRY--PERSONAL NAME
Personal name მამაცაშვილი, თამარ
Relator term ავტორი, რედაქტორი
9 (RLIN) 24559
700 ## - ADDED ENTRY--PERSONAL NAME
Personal name ტუაევა, მანანა
Relator term შემდგენელი
9 (RLIN) 24560
700 ## - ADDED ENTRY--PERSONAL NAME
Personal name თორდია, რატი
Relator term დიზაინერი
9 (RLIN) 24561
942 ## - ADDED ENTRY ELEMENTS (KOHA)
Koha item type წიგნი
Source of classification or shelving scheme
ეგზემპლარები
ჩამოწერის სტატუსი დაკარგული ეგზემპლარის სტატუსი კლასიფიკაციის წყარო ან თაროზე გაწყობის სქემა დაზიანების სტატუსი არ გაიცემა მუდმივი მდებარეობა (დაცვის ადგილი) ამჟამინდელი ადგილსამყოფელი თაროზე განთავსების ადგილი შეძენის თარიღი ღირებულება, შესყიდვის ნორმალური ფასი სრული შენახვის შიფრი შტრიხკოდი ბოლო ოპერაციის თარიღი ეგზემპლარის მიმდევრობითი ნომერი (კეტერი?) ფასის ძალაში შესვლის თარიღი ეგზემპლარის სახეობა საჯარო შენიშვნა
          ბათუმის შოთა რუსთაველის სახელმწიფო უნივერსიტეტის მთავარი ბიბლიოთეკა ბათუმის შოთა რუსთაველის სახელმწიფო უნივერსიტეტის მთავარი ბიბლიოთეკა წიგნსაცავი 2018-12-17 6.00 27-36 თ-56 27798 2018-12-17 27798 2018-12-17 წიგნი 6.00 ₾.